تصلب شرايين القلب : (رقم التسجيلة. 15046)

تفاصيل مارك
000 -LEADER
fixed length control field 00515nam a22001577a 4500
005 - DATE AND TIME OF LATEST TRANSACTION
control field 20251108164820.0
008 - FIXED-LENGTH DATA ELEMENTS--GENERAL INFORMATION
fixed length control field 250721s9999 xx 000 0 ara d
082 14 - DEWEY DECIMAL CLASSIFICATION NUMBER
Classification number 616.12/صوي
100 1# - MAIN ENTRY--PERSONAL NAME
Personal name الصويص، سهيل
245 10 - TITLE STATEMENT
Title تصلب شرايين القلب :
Remainder of title العوامل المسببة : الوقاية و العلاج /
264 ## - PRODUCTION, PUBLICATION, DISTRIBUTION, MANUFACTURE, AND COPYRIGHT NOTICE
Name of producer, publisher, distributor, manufacturer المكتب العالمي للطباعة و النشر،
Date of production, publication, distribution, manufacture, or copyright notice [19-].
300 ## - PHYSICAL DESCRIPTION
Extent 159ص
650 17 - SUBJECT ADDED ENTRY--TOPICAL TERM
Topical term or geographic name as entry element أمراض القلب
942 ## - ADDED ENTRY ELEMENTS (KOHA)
Source of classification or shelving scheme Dewey Decimal Classification
Koha item type كتب
المقتنيات
حالة السحب حالة الفقدان مصدر التصنيف حالة التلف غير قابل للإعارة المكتبة الرئيسية المكتبة الحالية موقع الرف تاريخ التزويد الرقم المتسلسل Total Checkouts رقم الإستدعاء تاريخ آخر ظهور تاريخ الفاتورة نوع المادة (كوها) الباركود
    Dewey Decimal Classification     المكتبة المركزية المكتبة المركزية مقتنيات قسم التزويد 28/07/2025 1765815   616.12/صوي 28/07/2025 28/07/2025 كتب  
    Dewey Decimal Classification Unchecked   مكتبة أم قصير والمقابلين العامة مكتبة أم قصير والمقابلين العامة الإعارة 06/07/2004 5335   616.12/صوي 28/07/2025 06/07/2004 كتب  
    Dewey Decimal Classification     مكتبة الأميرة ايمان العامة مكتبة الأميرة ايمان العامة الإعارة 25/11/2013 [11113]   616.12/صوي 28/07/2025 25/11/2013 كتب PLD00287950
    Dewey Decimal Classification Unchecked   مكتبة الاميرة بديعة مكتبة الاميرة بديعة الإعارة 06/07/2004 6853   616.12/صوي 28/07/2025 06/07/2004 كتب  
    Dewey Decimal Classification     مكتبة الجويدة مكتبة الجويدة الإعارة 19/04/2015 [6797]   616.12/صوي 28/07/2025 19/04/2015 كتب PLD00320523
    Dewey Decimal Classification     مكتبة الحسن العامة مكتبة الحسن العامة الإعارة 05/04/2019 [11467]..   616.12/صوي 28/07/2025 05/04/2019 كتب PLD00448673
    Dewey Decimal Classification     مكتبة حمزة العامة مكتبة حمزة العامة الإعارة 13/01/2016 [6459]...   616.12/صوي 28/07/2025 13/01/2016 كتب PLD00368899
    Dewey Decimal Classification     مكتبة صويلح العامة مكتبة صويلح العامة الإعارة 14/06/2019 [14047]   616.12/صوي 28/07/2025 14/06/2019 كتب PLD00454146
Implemented & Customized by: BBB with SCIT (Smart Chains for Information Technology)

Powered by Koha